| 000 | 00773nam a2200241Ia 4500 | ||
|---|---|---|---|
| 001 | 2001 | ||
| 003 | GE_BSU | ||
| 008 | 181216s||||||||xx |||||||||||||| ||und|| | ||
| 020 | _a5903047149 | ||
| 040 | _cGE_BSU | ||
| 080 | _a342.4(1-87))075.8) | ||
| 100 | _aЯкушев,А.В | ||
| 245 | _aКонституционное право зарубежных стран . | ||
| 245 | _bКонспект лекций.Общая часть. Особенная часть(50 государств) | ||
| 260 | _aМосква | ||
| 260 | _bПриор | ||
| 260 | _c2007 | ||
| 300 | _a490 с. 20 см. | ||
| 520 | _aВ помощь студенту | ||
| 541 | _h12л. | ||
| 653 | _aКонституционное право зарубежных стран | ||
| 942 | _cBK | ||
| 999 |
_c36101 _d36101 |
||